| 000 | 004430000a22001810004500 | ||
|---|---|---|---|
| 003 | MACL | ||
| 005 | 20151028111939.0 | ||
| 008 | 151028b xxu||||| |||| 00| 0 eng d | ||
| 040 |
_aMACL _cMACL |
||
| 041 | _aEnglish | ||
| 082 | _a700/ROY | ||
| 100 |
_afarmar,steve _917102 |
||
| 245 | _aThe Myth Of Indus Valley Script | ||
| 260 |
_aDelhi _bAcademic Excellence _c2008 |
||
| 350 | _a650 | ||
| 650 |
_aArts _917103 |
||
| 942 |
_cBK _k700/FAR _2ddc |
||
| 999 |
_c45366 _d45366 |
||